| 000 | 00885cam a2200253 a 4500 | ||
|---|---|---|---|
| 001 | 000005534 | ||
| 005 | 20200929151714.0 | ||
| 008 | 940408s1993 sp a b 000 0 spa | ||
| 020 | _a8437603935 | ||
| 040 |
_aDO-SdBNP _cDLC |
||
| 082 |
_a862.3 _bG638t |
||
| 100 | 1 |
_aGóngora y Argote, Luis de, _d1561-1627 _915644 |
|
| 245 | 1 | 0 |
_aTeatro completo / _cLuis de Góngora ; edicion de Laura Dolfi ; [traducción de la introducción, Laura Dolfi y Sagrario del Río Zamudio]. |
| 260 |
_aMadrid : _bCátedra, _c1993. |
||
| 300 |
_a391 p. : _bil. ; _c18 cm. |
||
| 490 | 1 |
_aLetras hispánicas _v355 |
|
| 504 | _aIncluye referencias bibliográficas : (p. 45-57). | ||
| 650 | 4 |
_aTeatro español _93071 |
|
| 650 | 4 |
_aLiteratura española _9632 |
|
| 700 | 1 |
_aDolfi, Laura, _d1948- _915645 |
|
| 830 | 0 |
_aLetras hispánicas ; _v355 _94208 |
|
| 910 | _aCatalogación por copia / LC | ||
| 910 | _aWM | ||
| 999 |
_c5333 _d5333 |
||